000 00548nam a2200217 a 4500
001 0001-2594
003 ELIB.Books
008 200113 2010 eng
020 _a080102241X
092 _a791.43
_bJoh
100 _aJohnston, Robert K.
245 _aReel Spirituality
260 _aGrand Rapids
_bBaker Books
_c2000
300 _a236
_c22.8 cm
650 _aMotion Pictures
856 _nKBTS Library
_uKBTS Elib
942 _2ddc
_cBK
990 _a1
998 _aEnglishbooks.elf
_ccat
_e2020-01-13
999 _c12594
_d12594